| 000 | 00449nam a2200133Ia 4500 | ||
|---|---|---|---|
| 008 | 171212s9999 xx 000 0 und d | ||
| 020 | _a9780833044822 | ||
| 100 | _aLong, Austin | ||
| 245 |
_cLong, Austin _aDeterrence—From Cold War to Long War _bLessons from Six Decades of RAND Research |
||
| 260 |
_bRAND Corporation _c2008 |
||
| 650 | _aDeterrence (Strategy) | ||
| 650 | _aPolitical Science | ||
| 856 | _uwww.jstor.org/stable/10.7249/mg636osd-af | ||
| 999 |
_c351936 _d351936 |
||